000 00738nam a2200241 i 4500
001 bg
100 1 _aKOWALCZYK, Marian
245 1 0 _aWybrane zagadnienia wymiany ciepła w silnikach wysokoprężnych - wymiana przez promieniowanie /
_cMarian Kowalczyk.
260 _aPoznań :
_bWydaw. Politechniki Poznańskiej,
_c2000.
300 _a204 s. :
_bil ;
_c24 cm.
504 _aBibliogr.
650 9 _aPromieniowanie cieplne
_xbadanie
650 9 _aPrzewodnictwo cieplne
_xbadanie
650 9 _aSilniki wysokoprężne
_xbadanie
655 _aPodręczniki
020 _a8371435681
040 _cBPK
041 0 _apl
080 _a621.436:536
920 _a83-7143-568-1
942 _cKS
008 s pl f |000 0 pol
999 _c37986
_d37986
856 _uhttp://koha.tu.koszalin.pl/cgi-bin/koha/opac-detail.pl?biblionumber=37986
_yKatalog online BPK